000 00410pab a2200169 454500
008 180718b2003 xxu||||| |||| 00| 0 eng d
100 _aMukherjee, Dilip Kumar
245 _aIntroducing Value Added Tax (VAT) in India
260 _c2003
300 _ap.261-63.
362 _aApr
650 _aVAT
650 _aTaxation - India
650 _aTaxation
773 _aManagement Accountant
909 _a56013
999 _c56013
_d56013